000 00349nam a2200157Ia 4500
003 OSt
005 20240106143007.0
008 170524s9999 xx 000 0 und d
020 _a9780070682139
040 _cIIMT UNIVERSITY
100 _aAswathappa K
100 _c2012
245 0 _aHUMAN RESOURCE MANAGEMENT
260 _aTMH
942 _2ddc
_c02
999 _c2902
_d2902